00850nam a2200229 a 450000100100000000500170001000800410002702000150006804000250008308200150010810000400012324501060016326000610026930000260033049000410035650400740039750400320047165100240050365000250052765000270055283000410057900000531920200929151637.0090819s1977 sp 000 0 spa d a8400036174 aDO-SdBNPbspacBNPHU a485bG197v1 aGanguita Elícegui, Elvira,d1937-10aVida/muerte de Homero a Platón :bestudio de semántica estructural /cElvira Ganguita Elícegui. aMadrid, España :bInstituto Antonio de Nebrija,c1977. avii, 231 p. ;c25 cm.1 aManuales y anejos de Emérita ;v32 aIncluye referencias bibliográficas y notas al pie de las páginas. aBibliografía : p. 229-231 4aGriegoxSemántica 4aVidaxTerminología 4aMuertexTerminología 0aManuales y anejos de Emérita ;n32